Hlas ľudu

Bibliographic Details
Main Author: Šebej, František, 1947- (Author)
Format: Article
Language:Slovak
PhysicalDescription:Obr.
ISSN:1336-5932
Subjects:

MARC

LEADER 00000nab a2200000 a 4500
001 vtls008418866
003 SK-MaSNL
005 20260303070053.0
008 140515c2005 xo wr|p|||||||000 b|slo
015 |a SNBRB2005/12  |2 snkbucl 
040 |a SNKBUCL  |b slo  |c SNKBUCL  |e AACR2 
041 0 |a slo 
044 |a xo  |c SK 
080 |a 324  |2 1997 
080 |a 342.573  |2 1997 
100 1 |a Šebej, František,  |d 1947-  |4 aut  |9 103179 
245 1 0 |a Hlas ľudu  |c František Šebej 
300 |b Obr. 
650 0 7 |a referendum  |2 snkbucl  |9 4497 
655 7 |a kritiky  |2 snkbucl  |9 28608 
773 0 |t Týždeň  |g Roč. II, č. 23 (2005), s. 37-39  |x 1336-5932 
852 |a SNK  |b KIS3GCP 
999 |c 1753798  |d 1755728